Statistics for Currently Running Broadway Plays

Click here to take the quiz!

General Stats

  • This quiz has been taken 106 times
    (96 since last reset)
  • The average score is 14 of 23

Answer Stats

HintAnswer% Correct
About a young lion that wants to grow up quickly.The Lion King
100%
A dynamic production that displays the real Alexander Hamilton as he changes the face of American politics.Hamilton
96%
The backstory of the Wicked Witch of the West.Wicked
96%
About the French RevolutionLes Misérables
89%
An upbeat story of murder, adultery, and corruption, told by Roxie Hart, a chorus girl seeking to be a star.Chicago
82%
Arab story of a young man and a genie.Aladdin
79%
The story of a girl that can move things with her mind.Matilda
79%
A super-nanny takes care of these British children with "just a spoonful of sugar".Mary Poppins
76%
Based on the 1910 novel by Gaston Leroux, this Tony Award-winning Broadway production, which features a score by Andrew Lloyd Webber has grossed over $715 million.The Phantom of the Opera
75%
A little girl with curly red hair is adopted by a billionaire.Annie the Musical
73%
This musical recounts the adventures of two men who travel to Africa to share the teachings of their faith.The Book of Mormon
69%
A fortuitous encounter with a transvestite cabaret singer inspires Charlie to save the factory from closure by producing erotic footwear.Kinky Boots
68%
Musical that uses many of the Four Seasons' hit songs to tell the story of the band's turbulent rise to fame.Jersey Boys
62%
A woman in Greece invites two old friends to her daughter's wedding.Mamma Mia!
61%
A jukebox musical with a book by Douglas McGrath that tells the story of the early life and career of Carole King.Beautiful: The Carole King Musical
49%
Uses puppets to try and tackle life's most daunting challenge - growing up.Avenue Q
48%
Set in late-19th century Germany, this musical tells the story of teenagers discovering the inner and outer tumult of teenage sexuality. In the musical, alternative rock is employed as part of the folk-infused rock score.Spring Awakening
45%
The story about a superhero with spider powers.Spider-Man Turn Off the Dark
31%
Fifteen-year-old Christopher has an extraordinary brain; he is exceptionally intelligent but ill-equipped to interpret everyday life. When he falls under suspicion for killing his neighbor’s dog, he sets out to identify the true culprit, which leads to an earth-shattering discovery and a journey that will change his life forever.The Curious Incident of the Dog in the Night-Time
30%
"You're a D'Ysquith!" A man finds he is in the line of power and kills all those ahead of him in order to make it to the top!A Gentleman's Guide to Love and Murder
27%
The story of three sailors as they arrive in New York for the first time with only limited time to explore and fall in love with the city and the girl of their dreams.On the Town
21%
A story concerning two neighboring fathers who trick their children, Luisa and Matt, into falling in love by pretending to feud.The Fantasticks
17%
A hilarious show with comedic insights from a gay man for straight women.Sex Tips for Straight Women from a Gay Man
1%

Score Distribution

Percentile by Number Answered

Percent of People with Each Score

Your Score History

You have not taken this quiz since the last reset